Online Catalogue and eLibrary

Gini avi saha gini keliI-4 (Record no. 2484)

MARC details
000 -LEADER
fixed length control field 00415nam a2200157Ia 4500
005 - DATE AND TIME OF LATEST TRANSACTION
control field 20250310020708.0
008 - FIXED-LENGTH DATA ELEMENTS--GENERAL INFORMATION
fixed length control field 240331s9999 xx 000 0 und d
020 ## - INTERNATIONAL STANDARD BOOK NUMBER
ISBN 955956465XX
082 ## - DDC Classification
Item Number - Author Mark HOR
Class No. 323
100 ## - MAIN ENTRY--PERSONAL NAME
Personal name Horashes, A
245 #0 - TITLE STATEMENT
Title Gini avi saha gini keliI-4
260 ## - PUBLICATION, DISTRIBUTION, ETC.
Place of publication, distribution, etc. Colombo
Name of publisher, distributor, etc. Godake & sons
Date of publication, distribution, etc. 1999
300 ## - PHYSICAL DESCRIPTION
Extent (e.g. Volumes, Pages etc.) 214 p ., (v-4)
500 ## - GENERAL NOTE
General note Presidential commission on political murders.
942 ## - Koha item type (Biblio)
Koha item type Books in Stacks (Lending)
Holdings
Lost status Damaged status Collection code Home library Current library Shelving location Date acquired Full call number Accession Number Item type
    Lending WERC Library WERC Library Social Science Cupboard 03/31/2024 323.4 HOR 2837 Books in Stacks (Lending)

© WERC Library